Kadra rep. Chorwacji na mundial 2018 - Statystyki

Ogólne statystyki
  • Ten quiz został rozwiązany 162 razy
  • Średni wynik to 14 z 24
Statystyki odpowiedzi
pozycja # klub piłkarz % Poprawnych
P 10 Real M Luka Modric
99%
P 7 Barcelona Ivan Rakitic
93%
N 17 Juventus Mario Mandzukic
89%
B 23 Monaco Danijel Subasic
84%
O 6 Liverpool Dejan Lovren
82%
N 4 Inter Ivan Perisic
82%
P 8 Real M Mateo Kovacic
82%
P 11 Inter Marcelo Brozovic
80%
N 18 Eintracht Ante Rebic
79%
O 21 Besiktas Domagoj Vida
79%
N 9 Hoffenheim Andrej Kramaric
76%
O 2 Atletico Sime Vrsaljko
58%
B 1 Dinamo Zagrzeb Dominik Livakovic
56%
O 5 Lokomotiw Vedran Corluka
48%
O 13 Bayer Tin Jedvaj
40%
B 12 Gent Lovre Kalinic
39%
N 16 Milan Nikola Kalinic
39%
selekcjoner - - Zlatko Dalic
35%
O 3 Sampdoria Ivan Strinic
31%
P 19 Fiorentina Milan Badelj
27%
N 20 Schalke 04 Marko Pjaca
21%
O 15 RB Salzburg Duje Caleta Car
20%
O 22 Dynamo Kijów Josip Pivaric
12%
P 14 Rijeka Filip Bradaric
5%
Nie znaleziono quizów pasujących do podanych kryteriów
Rozkład punktacji
Procent ludzi z każdym wynikiem
Percentyl według liczby udzielonych odpowiedzi
Twoja historia wyników
Nie rozwiązałeś tego quizu